Marvel Legacy Movies - Statistics

General Stats
  • This quiz has been taken 28 times
  • The average score is 22 of 35
Answer Stats
Hint Answer % Correct
2000 X-Men
83%
1998 Blade
74%
2016 Deadpool
74%
2018 Deadpool 2
74%
2003 Hulk
74%
2002 Spider-Man
74%
2004 Spider-Man 2
74%
2012 The Amazing Spider-Man
74%
2019 X-Men: Dark Phoenix
74%
2003 Daredevil
70%
2017 Logan
70%
2007 Spider-Man 3
70%
2013 The Wolverine
70%
2011 X-Men: First Class
70%
2004 Blade: Trinity
65%
2005 Elektra
65%
2014 X-Men: Days of Future Past
65%
2002 Blade II
61%
2005 Fantastic Four
61%
2015 Fantastic Four
61%
2007 Fantastic Four: Rise of the Silver Surfer
61%
2004 The Punisher
61%
2018 Venom
61%
2016 X-Men: Apocalypse
61%
2007 Ghostrider
57%
2014 The Amazing Spider-Man 2
57%
2006 X-Men: The Last Stand
57%
2020 The New Mutants
52%
2021 Venom: Let There Be Carnage
52%
2003 X-2: X-Men United
52%
2008 Punisher: War Zone
48%
2009 X-Men Origins: Wolverine
48%
2022 Morbius
43%
2011 Ghostrider: Spirit of Vengeance
35%
2023 Kraven the Hunter
30%
No matching quizzes found
Score Distribution
Percent of People with Each Score
Percentile by Number Answered
Your Score History
You have not taken this quiz